Countries by Wars #1 - Statistics

General Stats
  • This quiz has been taken 33 times
  • The average score is 5 of 10
Answer Stats
War Countries % Correct
Gulf War United States, United Kingdom, Saudi Arabia, France, Kuwait
96%
Second Boer War United Kingdom, South African Republic, Orange Free State
89%
First Northern War Tsardom of Russia, Polish–Lithuanian Commonwealth, Cossack Hetmanate, Crimean Khanate
82%
Six-Day War United Arab Republic, Lebanon, Jordan, Iraq
82%
Maghrebi War Deylik of Algiers, Beylik of Tunis, Sultanate of Morocco, Pashalik of Tripoli
57%
Battle of Ganghwa Japan, Joseon Dynasty
25%
2008 Invasion of Anjouan African Union, Anjouan
18%
War of the Supremes Republic of New Granada
14%
Ituri Conflict Uganda, Democratic Republic of the Congo
14%
Duar War India, Bhutan
7%
No matching quizzes found
Score Distribution
Percent of People with Each Score
Percentile by Number Answered
Your Score History
You have not taken this quiz